000
00336nam a2200145Ia 4500
008
150201s2004 xx 000 0 und d
082
_a
616.5
_b
C04S
100
_a
SEHGAL,VIRENDRA
245
_a
CLINICAL LEPROSY
250
_a
4TH
260
_b
JAYPEE BROTHERS
_a
DELHI
_c
2004
300
_a
1-189
650
_a
DERMATOLOGY
942
_2
ddc
_c
BK
999
_c
531
_d
531